[Event "RUS-Cup"]
[Site "?"]
[Date "2000.??.??"]
[Round "7"]
[White "Aleksandrov Aleksej"]
[Black "Volkov Sergey"]
[Result "1-0"]
[WhiteElo "2606"]
[BlackElo "2582"]
[PlyCount "51"]
[EventDate "2000.??.??"]
[Source "www.chesslib.no"]
[SourceDate "2004.05.04"]

1. c4 c6 2. e4 d5 3. exd5 cxd5 4. d4 Nf6 5. Nc3 Nc6 6. Nf3 Bg4 7. cxd5 Nxd5 8. Qb3 Bxf3 9. gxf3 e6 10. Qxb7 Nxd4 11. Bb5+ Nxb5 12. Qc6+ Ke7 13. Qxb5 Qd7 14. Nxd5+ Qxd5 15. Qxd5 exd5 16. O-O Ke6 17. Re1+ Kd7 18. Rd1 Ke6 19. Be3 Bd6 20. Rd2 Rhd8 21. Re1 Kf6 22. Red1 Ke6 23. Re2 Kf6 24. Kg2 Ke6 25. f4 Bc7 26. Bd4+ 1-0

[Event "TCh-BEL 2004-5"]
[Site "?"]
[Date "2005.01.30"]
[Round "8"]
[White "Degraeve Jean-Marc"]
[Black "Khenkin Igor"]
[Result "1/2-1/2"]
[WhiteElo "2569"]
[BlackElo "2604"]
[PlyCount "30"]
[EventDate "2005.??.??"]
[Source "www.chesslib.no"]
[SourceDate "2004.05.04"]

1. e4 c6 2. d4 d5 3. exd5 cxd5 4. Bd3 Nc6 5. c3 Nf6 6. h3 e5 7. dxe5 Nxe5 8. Nf3 Nxd3+ 9. Qxd3 Bd6 10. O-O O-O 11. Bg5 h6 12. Bh4 g5 13. Bg3 Bxg3 14. fxg3 g4 15. Nd4 gxh3 1/2-1/2

[Event "Tunis Interzonal"]
[Site "Tunis"]
[Date "1985.??.??"]
[Round "7"]
[White "Miles, Anthony J"]
[Black "Jussupow, Artur"]
[Result "0-1"]
[WhiteElo "2570"]
[BlackElo "2590"]
[PlyCount "48"]
[EventDate "1985.04.??"]
[Source "ChessBase"]

1. c4 c6 2. e4 d5 3. exd5 cxd5 4. d4 Nf6 5. Nc3 Nc6 6. Bg5 Be6 7. Bxf6 gxf6 8. Qd2 Qa5 9. c5 O-O-O 10. Bb5 Rg8 11. f4 Bh6 12. Qf2 Nb4 13. Rd1 Bf5 14. a3 Nc2+ 15. Kd2 Be4 16. Nge2 Rxg2 17. Qh4 Nxd4 18. Qh3+ f5 19. Bd3 Nxe2 20. Bxe2 Bg7 21. Ke1 d4 22. Bf3 dxc3 23. Rxd8+ Kxd8 24. Qxg2 cxb2+ 0-1

[Event "62. ch-POL"]
[Site "?"]
[Date "2005.05.03"]
[Round "12"]
[White "Kempinski Robert"]
[Black "Bobras Piotr"]
[Result "1/2-1/2"]
[WhiteElo "2627"]
[BlackElo "2501"]
[PlyCount "23"]
[EventDate "2005.??.??"]
[Source "www.chesslib.no"]
[SourceDate "2004.05.04"]

1. Nf3 Nf6 2. c4 c5 3. e3 Nc6 4. d4 cxd4 5. exd4 d5 6. Nc3 Bg4 7. Be3 e6 8. Be2 dxc4 9. Bxc4 Be7 10. O-O O-O 11. Be2 Rc8 12. Rc1 1/2-1/2

[Event "op-C"]
[Site "Seattle, WA USA"]
[Date "1994.??.??"]
[Round "2"]
[White "Walker, Erik"]
[Black "Putz, Anthony"]
[Result "1-0"]
[WhiteElo "2560"]
[BlackElo "2560"]
[PlyCount "67"]
[EventDate "1994.??.??"]
[Source "www.chesslib.no"]
[SourceDate "2004.05.04"]

1. e4 c6 2. d4 d5 3. exd5 cxd5 4. Bd3 Nf6 5. Bf4 e6 6. Nd2 Bd6 7. Ne2 Qc7 8. Bxd6 Qxd6 9. c3 Nbd7 10. f4 Ng4 11. Nf1 a6 12. h3 Ngf6 13. Nd2 b5 14. O-O Bb7 15. Ng3 Nb6 16. Qe2 O-O 17. Nh5 Nbd7 18. Nxf6+ Nxf6 19. g4 g6 20. Qe5 Qxe5 21. fxe5 Nd7 22. g5 Rac8 23. Nb3 Rc7 24. a4 bxa4 25. Rxa4 Nb6 26. Rb4 Nc4 27. Nc5 a5 28. Rxb7 Rxb7 29. Nxb7 Nxb2 30. Bb5 a4 31. Ra1 Kg7 32. Kf1 a3 33. Ke2 a2 34. Kd2 1-0

[Event "IX Open"]
[Site "Dubai EAU"]
[Date "2007.04.27"]
[Round "6"]
[White "Adly, A."]
[Black "Pantsulaia, L."]
[Result "0-1"]
[WhiteElo "2503"]
[BlackElo "2616"]
[PlyCount "88"]
[EventDate "2007.04.22"]
[Source "www.chesslib.no"]
[SourceDate "2004.05.04"]

1. d4 Nf6 2. Nf3 c5 3. e3 cxd4 4. exd4 d5 5. c4 Nc6 6. Nc3 Be6 7. c5 g6 8. h3 Bg7 9. Bd3 O-O 10. O-O Nd7 11. Ne2 f6 12. Qb3 Qc8 13. Nf4 Bf7 14. Nxd5 Kh8 15. Bd2 Nxd4 16. Nxd4 Nxc5 17. Qa3 Nxd3 18. Nxe7 Qc4 19. Be3 a5 20. Rfd1 Nb4 21. Rdc1 Qa6 22. Rc7 Rae8 23. Qa4 f5 24. Rd1 f4 25. Bd2 Qb6 26. Nb5 Nd3 27. Rf1 Qf6 28. Qe4 Ne5 29. Qxb7 Rb8 30. Qe4 Rxb5 31. Bc3 Qb6 32. Rc8 Rxc8 33. Nxc8 Qc7 34. Qxf4 Be6 35. a4 Rd5 36. Rc1 Rc5 37. Na7 Qxa7 38. Re1 Qc7 39. Qe4 Bg8 40. Bd4 Rd5 41. Bc3 Qd6 42. Qe3 Nd3 43. Bxg7+ Kxg7 44. Rd1 Bf7 0-1

[Event "IX Open"]
[Site "Dubai EAU"]
[Date "2007.04.27"]
[Round "6"]
[White "Ghaem Maghami, E."]
[Black "Sturua, Z."]
[Result "1-0"]
[WhiteElo "2599"]
[BlackElo "2513"]
[PlyCount "89"]
[EventDate "2007.04.22"]
[Source "www.chesslib.no"]
[SourceDate "2004.05.04"]

1. e4 c6 2. c4 d5 3. exd5 Nf6 4. Nc3 cxd5 5. d4 Nc6 6. Bg5 Qa5 7. Bd2 Qd8 8. Nf3 e6 9. c5 Ne4 10. Bb5 Bd7 11. O-O g6 12. Nxe4 dxe4 13. Ng5 Nxd4 14. Bxd7+ Qxd7 15. Nxe4 Be7 16. Bg5 Nc6 17. Nf6+ Bxf6 18. Bxf6 Qxd1 19. Raxd1 Rg8 20. f4 Ne7 21. Rfe1 Rc8 22. Rd6 Rxc5 23. Red1 Rc8 24. Rd7 Nd5 25. R1xd5 exd5 26. Re7+ Kf8 27. Rxb7 g5 28. fxg5 h6 29. h4 hxg5 30. hxg5 a6 31. Rd7 Rg6 32. Rxd5 Kg8 33. b3 Kh7 34. Rd3 Rxf6 35. gxf6 Rc1+ 36. Kh2 Rc2 37. a4 Rc6 38. Rg3 Rxf6 39. Rf3 Kg6 40. Rxf6+ Kxf6 41. Kg3 Ke5 42. a5 Kd4 43. Kf4 Kc3 44. g4 Kb4 45. Kf5 1-0

[Event "RUS-Cup"]
[Site "?"]
[Date "1998.??.??"]
[Round "6"]
[White "Vaulin Alexander"]
[Black "Ulibin Mikhail"]
[Result "1/2-1/2"]
[WhiteElo "2535"]
[BlackElo "2575"]
[PlyCount "47"]
[EventDate "1998.??.??"]
[Source "www.chesslib.no"]
[SourceDate "2004.05.04"]

1. c4 Nf6 2. Nf3 c5 3. e3 Nc6 4. d4 cxd4 5. exd4 d5 6. Nc3 Bg4 7. cxd5 Nxd5 8. Qb3 Bxf3 9. gxf3 e6 10. Qxb7 Nxd4 11. Bb5+ Nxb5 12. Qc6+ Ke7 13. Qxb5 Qd7 14. Nxd5+ Qxd5 15. Bg5+ f6 16. Qxd5 exd5 17. Be3 Ke6 18. O-O-O Bb4 19. a3 Rhc8+ 20. Kb1 Bc5 21. Rhe1 Bxe3 22. Rxe3+ Kd6 23. Rde1 Rc4 24. Re6+ 1/2-1/2

[Event "Leiden zt playoff"]
[Site "Leiden NED"]
[Date "1982.05.10"]
[Round "2"]
[White "Nunn, John D M"]
[Black "Stean, Michael F"]
[Result "1/2-1/2"]
[WhiteElo "2590"]
[BlackElo "2505"]
[PlyCount "49"]
[EventDate "1982.05.??"]
[Source "www.chesslib.no"]
[SourceDate "2004.05.04"]

1. e4 c6 2. c4 d5 3. exd5 cxd5 4. cxd5 Nf6 5. Nc3 Nxd5 6. Nf3 Nc6 7. d4 Bg4 8. Qb3 Bxf3 9. gxf3 e6 10. Qxb7 Nxd4 11. Bb5+ Nxb5 12. Qc6+ Ke7 13. Qxb5 Qd7 14. Nxd5+ Qxd5 15. Bg5+ f6 16. Qxd5 exd5 17. Be3 Ke6 18. Rc1 Bb4+ 19. Ke2 Rhc8 20. Kd3 a6 21. h3 Bd6 22. Rhe1 Kf5 23. b3 Be5 24. Rxc8 Rxc8 25. Rc1 1/2-1/2

[Event "Biel"]
[Site "Biel"]
[Date "1981.??.??"]
[Round "?"]
[White "Kurajica, Bojan"]
[Black "Hort, Vlastimil"]
[Result "1/2-1/2"]
[WhiteElo "2500"]
[BlackElo "2595"]
[PlyCount "29"]
[EventDate "1981.07.??"]
[Source "ChessBase"]

1. e4 c6 2. d4 d5 3. exd5 cxd5 4. h3 Bf5 5. Bd3 Bxd3 6. Qxd3 Nc6 7. c3 Nf6 8. Nf3 e6 9. Bf4 Bd6 10. Bxd6 Qxd6 11. O-O O-O 12. Nbd2 Qf4 13. Rfe1 Rac8 14. Qe3 Qxe3 15. fxe3 1/2-1/2

[Event "Balkan-ch"]
[Site "Istanbul"]
[Date "2001.11.21"]
[Round "4"]
[White "Spasov, Vasil"]
[Black "Nikolaidis, Ioannis"]
[Result "1/2-1/2"]
[WhiteElo "2569"]
[BlackElo "2524"]
[PlyCount "20"]
[EventDate "2001.11.19"]
[Source "ChessBase"]
[SourceDate "2002.01.21"]

1. e4 c6 2. d4 d5 3. exd5 cxd5 4. Bd3 Nc6 5. c3 g6 6. Nf3 Bg7 7. O-O Nh6 8. Bf4 f6 9. c4 O-O 10. Nc3 Bg4 1/2-1/2

[Event "Mind Sports Games - Blitz Team"]
[Site "Pechino CINA"]
[Date "2008.10.13"]
[Round "9"]
[White "Meijers, V."]
[Black "Ruck, R1."]
[Result "0-1"]
[WhiteElo "2514"]
[BlackElo "2574"]
[PlyCount "44"]
[EventDate "2008.10.13"]
[Source "www.chesslib.no"]
[SourceDate "2004.05.04"]

1. e4 c6 2. d4 d5 3. exd5 cxd5 4. Bd3 Nc6 5. c3 Nf6 6. h3 g6 7. Nf3 Bf5 8. Bxf5 gxf5 9. O-O e6 10. Ne5 Nd7 11. Re1 h5 12. Nd2 Be7 13. Ndf3 Rc8 14. Bf4 Nxd4 15. Nxd4 a6 16. Kh2 Nc5 17. f3 Ne4 18. Rc1 Nc5 19. a3 b5 20. Bg5 Bxg5 21. Rc2 Na4 22. Qd3 Kf8 0-1